Fundamentals of ship resistance and propulsion (Record no. 31796)

000 -LEADER
fixed length control field 00504nam a22001817a 4500
001 - CONTROL NUMBER
control field 31796
003 - CONTROL NUMBER IDENTIFIER
control field BD-DhUET
008 - FIXED-LENGTH DATA ELEMENTS--GENERAL INFORMATION
fixed length control field 150705b xxu||||| |||| 00| 0 eng d
040 ## - CATALOGING SOURCE
Original cataloging agency DLC
Transcribing agency DLC
Modifying agency BD-DhUET
082 ## - DEWEY DECIMAL CLASSIFICATION NUMBER
Classification number 624.84
Item number ASS/n. d.
110 ## - MAIN ENTRY--CORPORATE NAME
Corporate name or jurisdiction name as entry element Association of Engineers and Shipbuildings
245 ## - TITLE STATEMENT
Title Fundamentals of ship resistance and propulsion
250 ## - EDITION STATEMENT
Edition statement 1st ed.
260 ## - PUBLICATION, DISTRIBUTION, ETC. (IMPRINT)
Place of publication, distribution, etc. Netherland
Name of publisher, distributor, etc. Netherlands Ship Model Basin
Date of publication, distribution, etc. n. d.
300 ## - PHYSICAL DESCRIPTION
Extent 256p.
650 #0 - SUBJECT ADDED ENTRY--TOPICAL TERM
Topical term or geographic name as entry element Ships construction
942 ## - ADDED ENTRY ELEMENTS (KOHA)
Koha item type Corporate Publication
Holdings
Copy number Koha date last seen Price effective from Piece designation (barcode) Sublocation or collection (holding branch) Withdrawn status Damaged status Lost status Source of classification or shelving scheme Koha item type Location (home branch) Not for loan Koha normalized classification for sorting Shelving location Koha full call number Date acquired
12015-11-222015-07-0518871Central Library, BUET    Corporate PublicationCentral Library, BUET 624_840000000000000_ASS_N__DCirculation section624.84/ASS/n. d.2015-07-05